000 00261nam a22001217a 4500
008 171124b xxu||||| |||| 00| 0 eng d
041 _aeng
080 _a94
100 _a14
101 _aHIS
245 _aFIRST WORLD WAR ATLAS
_cARTHUR.B
942 _2udc
_cBK
999 _c38475
_d38475